| 000 | 00586nam a22001937a 4500 | ||
|---|---|---|---|
| 003 | 0 | ||
| 005 | 20250311154528.0 | ||
| 008 | 250311b xxu||||| |||| 00| 0 eng d | ||
| 020 | _a978-1-266-80142-6 | ||
| 050 |
_aHF 5636 _b.Ed24 2024 |
||
| 100 | _aEdmonds, Christopher | ||
| 245 |
_aFundamental financial accounting concepts _cChristopher Edmonds and two others |
||
| 260 |
_aNew York _bMcGraw Hill _cc2024 |
||
| 300 |
_axxxvi,802 pages ; _c28cm. |
||
| 500 | _a2024 release. | ||
| 504 | _aIncludes appendix and index. | ||
| 650 | _aFinancial accounting. | ||
| 942 |
_2lcc _cBK |
||
| 999 |
_c367285 _d367285 |
||